Play-house of power : theatre in colonial India /

Bibliographic Details
Other Authors: Singh, Lata
Format: Book
Language:English
Published: New Delhi : Oxford University Press, 2009.
Subjects:
Online Access:Contributor biographical information
Publisher description
Table of contents only

MARC

Tag First Indicator Second Indicator Subfields
LEADER 00000cam a22000004a 4500
001 in00002575173
005 20151201152222.0
008 091007s2009 ii a b 000 0 eng d
010 |a  2009305118 
020 |a 9780198060970 
020 |a 0198060971 
035 |a (OCoLC)ocn456521322 
040 |a DKAGE  |c DKAGE  |d WCM  |d IUL  |d YDX  |d UtOrBLW 
043 |a a-ii--- 
049 |a TXAM 
050 4 |a PN2883  |b .P53 2009 
082 0 |a 792.0954  |2 22 
245 0 0 |a Play-house of power :  |b theatre in colonial India /  |c edited by Lata Singh. 
264 1 |a New Delhi :  |b Oxford University Press,  |c 2009. 
300 |a viii, 354 pages :  |b illustrations ;  |c 23 cm. 
336 |a text  |b txt  |2 rdacontent 
337 |a unmediated  |b n  |2 rdamedia 
338 |a volume  |b nc  |2 rdacarrier 
504 |a Includes bibliographical references. 
505 0 |a Section 1. Theatre : a contested site of modernity and appropriation -- section 2. Theatre and gender : re-scribing patriarchy. 
650 0 |a Theater  |z India  |x History  |y 19th century. 
650 0 |a Women in the theater  |z India  |x History. 
700 1 |a Singh, Lata. 
856 4 2 |3 Contributor biographical information  |u http://www.loc.gov/catdir/enhancements/fy1005/2009305118-b.html  |t 0 
856 4 2 |3 Publisher description  |u http://www.loc.gov/catdir/enhancements/fy1005/2009305118-d.html  |t 0 
856 4 1 |3 Table of contents only  |u http://www.loc.gov/catdir/enhancements/fy1005/2009305118-t.html  |t 0 
945 |a PromptCat  |b 19904 
946 |a stk 
947 |a A14840233585 
948 |a cataloged  |b h  |c 2010/7/20  |d c  |e dmitchel  |f 11:20:10 am 
994 |a 92  |b TXA 
999 |a MARS 
999 f f |s 04f52f9f-41fc-33da-8dd5-c05464a821f9  |i cf780d0b-0859-38eb-9b9d-6ec0ee8a0cf2  |t 0 
952 f f |p ric  |a Texas A&M University  |b Rellis Campus  |c Joint Library Facility  |d Remote Storage  |t 0  |e PN2883 .P53 2009  |h Library of Congress classification  |i unmediated -- volume  |m A14840233585 
998 f f |a PN2883 .P53 2009  |t 0  |l Remote Storage